000 00313nam a22001337a 4500
008 180313b xxu||||| |||| 00| 0 eng d
020 _a9780324304831
041 _aeng
080 _a34
100 _a16
101 _aJUR
245 _aCORPORATION PARTENERSHIPS ESTATES TREUSTS
_cHOFFMAN,R
942 _2udc
_cBK
999 _c44889
_d44889